| 000 | 00370nam a2200145Ia 4500 | ||
|---|---|---|---|
| 008 | 230312s9999||||xx |||||||||||||| ||und|| | ||
| 020 | _a9781498783996 | ||
| 082 |
_a004.11 _bWAN-H |
||
| 100 | _aMayes,R,Timothy | ||
| 245 | 0 | _aFinancial analysis with Microsoft Excel | |
| 260 |
_bCRC Press _c2018 |
||
| 300 | _a375 | ||
| 650 |
_aComputer _vElectronic books |
||
| 942 | _cBK | ||
| 999 |
_c17516 _d17516 |
||